Europese land koppelen aan bezienswaardigheid - Statistieken

Algemene statistieken
  • Deze quiz is 59 keer genomen
  • De gemiddelde score is 16 van 46
Antwoordstatistieken
Foto Antwoord % Correct
Griekenland
100%
Rusland
100%
Belgie
93%
Italie
91%
Frankrijk
89%
Ijsland
87%
Spanje
82%
Duitsland
80%
Denemarken
78%
Turkije
64%
Nederland
51%
Noorwegen
47%
Vaticaanstad
47%
Zwitserland
44%
Kroatie
40%
Verenigd Koninkrijk
38%
Oostenrijk
29%
Tsjechie
29%
Monaco
27%
Ierland
24%
Portugal
24%
Roemenie
24%
Bulgarije
22%
Slovenie
22%
San Marino
20%
Hongarije
18%
Oekraine
18%
Albanie
16%
Andorra
16%
Cyprus
16%
Finland
16%
Polen
16%
Malta
13%
Noord Macedonie
13%
Estland
11%
Litouwen
11%
Luxemburg
11%
Montenegro
11%
Zweden
11%
Kosovo
9%
Slowakije
9%
Moldavie
7%
Servie
7%
Wit-Rusland
7%
Letland
4%
Azerbeidzjan
2%
Geen overeenkomende quizzen gevonden
Scoreverdeling
Procent van Mensen met Elke Score
Percentiel versus Aantal Correcte Antwoorden
Uw Scoregeschiedenis
U heeft deze quiz nog niet genomen